00512nam a2200181Ia 4500003000400000005001700004008004100021020002200062040000700084041000800091082002300099100002000122245009800142260003600240300001600276365001300292650002500305OSt20230331113813.0210423s2017 xx 000 0 und d a978-0-00-824765-2 cAL aeng a338.761 223bNADH aNADELLA (Satya) aHit refresh: the quest to rediscover microsofts soul and imagine a better future for everyone aNew DelhibHarper Collinsc2017 axiv,272bHB b599cINR aProduction Economics